| 000 | 00446nam a2200181 i 4500 | ||
|---|---|---|---|
| 001 | 63600 | ||
| 005 | 20230411085921.0 | ||
| 008 | 081017b2004 dr a 000 0 spa | ||
| 040 |
_aDRFGD _bspa |
||
| 041 | _aspa | ||
| 050 | 1 | 4 | _a |
| 110 | _aSecretaría de Estado de Educació. | ||
| 245 | 0 | 0 | _aInforme gestión 2004-2008 |
| 260 |
_aSanto Domingo , _bAmiho del Hogar _c2004 |
||
| 300 | _a139p ,ill | ||
| 942 |
_2lcc _cbk |
||
| 946 | _aclperez | ||
| 999 |
_c109269 _d109269 |
||